| 000 | 01352cam a2200325 a 4500 | ||
|---|---|---|---|
| 001 | 4379957 | ||
| 005 | 20211004160445.0 | ||
| 008 | 910917s1992 nyua b 001 0 eng | ||
| 010 | _a 91036133 | ||
| 020 |
_a0070097011 : _c$48.95 |
||
| 040 |
_aDLC _cDLC _dDLC |
||
| 050 | 0 | 0 |
_aTH438 _b.C26 1992 |
| 082 | 0 | 0 |
_a624.0685 _220 _bCAL |
| 100 | 1 |
_aCallahan, Michael T. _926639 |
|
| 245 | 1 | 0 |
_aConstruction project scheduling / _cMichael T. Callahan, Daniel G. Quackenbush, James E. Rowings. |
| 260 |
_aNew York : _bMcGraw-Hill, _cc1992. |
||
| 300 |
_axviii, 439 p. : _bill. ; _c24 cm. |
||
| 440 | 0 |
_aMcGraw-Hill series in construction engineering and project management _982920 |
|
| 504 | _aIncludes bibliographical references and index. | ||
| 650 | 0 |
_aConstruction industry _xManagement. _9806 |
|
| 650 | 0 |
_aProduction scheduling. _919469 |
|
| 650 | 0 |
_aCritical path analysis. _926640 |
|
| 700 | 1 |
_aQuackenbush, Daniel G. _926641 |
|
| 700 | 1 |
_aRowings, James E. _982921 |
|
| 856 | 4 | 2 |
_3Publisher description _uhttp://www.loc.gov/catdir/description/mh022/91036133.html |
| 856 | 4 | 1 |
_3Table of contents _uhttp://www.loc.gov/catdir/toc/mh021/91036133.html |
| 906 |
_a7 _bcbc _corignew _d1 _eocip _f19 _gy-gencatlg |
||
| 942 |
_2ddc _cBK |
||
| 999 |
_c586488 _d586488 |
||